000 01937 a2200229 4500
001 3777
005 20260407155430.0
008 260407a2001 arg spa d
003 AR-UNSa-BCEJYS
040 _aAR-UNSa-BCEJYS
_bspa
_cAR-UNSa-BCEJYS
080 _a330.101.541
_xMacroeconomía
245 1 0 _aMacroeconomía
_pGuía de ejercicios y aplicaciones
020 _a987-9460-27-8
264 1 _aBuenos Aires :
_bPearson Education
_c2001
300 _a218 p.
_c25 cm.
505 _a1. Una gira por el mundo - 2. Una gira por el libro - 3. El mercado de bienes - 4. Los mercados financieros - 5. Los mercados de bienes y financieros: el modelo IS-LM - 6. Las expectativas: los instrumentos básicos - 7. Las expectativas, el consumo y la inversión - 8. Los mercados financieros y las expectativas - 9. Las expectativas, la política macreconómica y la producción - 10. La apertura de los mercados de bienes y financieros - 11. El mercado de bienes en una economía abierta - 12. La producción, el tipo de interés y el tipo de cambio - 13. Las expectativas, las variaciones de los tipos de cambio y las crisis de los tipos de cambio - 14. El mercado de trabajo - 15. Análisis conjunto de todos los mercados - 16. La curva de Phillips - 17. La inflación, la desinflación y el desempleo - 18. La inflación, los tipos de interés y los tipos de cambio - 19. Patología I: un elevado desempleo - 20. Patalogía II: una elevada inflación - 21. Los hechos del crecimiento - 22. Algunos tópicos sobre el crecimiento y el desarrollo - 23. La convertibilidad y el patrón oro. Teorías, aplicaciones y debates - 24. La política monetaria - 25. El sector público y la política fiscal
942 _cBK
590 _aniveau_biblio:m niveau_hierar:0
100 1 _aPérez Enrri, Daniel
700 1 _aMilani, Ana María
856 4 1 _uhttps://biblioeco.unsa.edu.ar/pmb/images/libros/Macroeconomia-l86577.jpg
_yImagen de portada
_qimage/jpeg
999 _c362
_d362